000
00350nam a2200133Ia 4500
008
151001s9999||||xx |||||||||||||| ||und||
100
_a
भाऊ पाध्ये
245
_a
थोडी सी जो पी लो
250
_a
1
260
_b
सरस प्रकाशन
260
_c
1986
300
_a
164
365
_b
18
999
_c
967099
_d
967096